International relations theories : (Record no. 1835)
[ view plain ]
| 000 -LEADER | |
|---|---|
| fixed length control field | 02167cam a22003615i 4500 |
| 001 - CONTROL NUMBER | |
| control field | 1835 |
| 003 - CONTROL NUMBER IDENTIFIER | |
| control field | EG-CaNGU |
| 005 - DATE AND TIME OF LATEST TRANSACTION | |
| control field | 20250807111950.0 |
| 008 - FIXED-LENGTH DATA ELEMENTS--GENERAL INFORMATION | |
| fixed length control field | 240121t2021 nyua frb 001 0 eng d |
| 020 ## - INTERNATIONAL STANDARD BOOK NUMBER | |
| International Standard Book Number | 9780198814443 |
| 040 ## - CATALOGING SOURCE | |
| Original cataloging agency | DLC |
| Language of cataloging | eng |
| Description conventions | rda |
| Transcribing agency | DLC |
| Modifying agency | EG-CaNGU |
| 082 04 - DEWEY DECIMAL CLASSIFICATION NUMBER | |
| Edition number | 23 |
| Classification number | 327.101 |
| Item number | INT |
| 245 00 - TITLE STATEMENT | |
| Title | International relations theories : |
| Remainder of title | discipline and diversity / |
| 250 ## - EDITION STATEMENT | |
| Edition statement | Fifth edition. |
| 264 #1 - PRODUCTION, PUBLICATION, DISTRIBUTION, MANUFACTURE, AND COPYRIGHT NOTICE | |
| Place of production, publication, distribution, manufacture | New York : |
| Name of producer, publisher, distributor, manufacturer | Oxford University Press, |
| Date of production, publication, distribution, manufacture, or copyright notice | [2021] |
| 264 #4 - PRODUCTION, PUBLICATION, DISTRIBUTION, MANUFACTURE, AND COPYRIGHT NOTICE | |
| Date of production, publication, distribution, manufacture, or copyright notice | ©2021 |
| 300 ## - PHYSICAL DESCRIPTION | |
| Extent | xxiv, 396 pages : |
| Other physical details | illustrations ; |
| Dimensions | 25 cm |
| 336 ## - CONTENT TYPE | |
| Content type term | text |
| Content type code | txt |
| Source | rdacontent |
| 337 ## - MEDIA TYPE | |
| Media type term | unmediated |
| Media type code | n |
| Source | rdamedia |
| 338 ## - CARRIER TYPE | |
| Carrier type term | volume |
| Carrier type code | nc |
| Source | rdacarrier |
| 500 ## - GENERAL NOTE | |
| General note | Includes glossary. |
| 504 ## - BIBLIOGRAPHY, ETC. NOTE | |
| Bibliography, etc. note | Includes bibliographical references (pages 346-373) and index. |
| 505 00 - FORMATTED CONTENTS NOTE | |
| Formatted contents note | International Relations and Social Science / Colin Wight and Milja Kurki -- Classical Realism / Richard Ned Lebow -- Structural Realism / John J. Mearsheimer -- Liberalism / Bruce Russett -- Neoliberalism / Jennifer Sterling-Folker -- The English School / Tim Dunne -- Marxism / Mark Rupert -- Critical Theory / Steven Roach -- Constructivism / Karin Fierke -- Feminism / Ann Tickner, and Laura Sjoberg -- Poststructuralism / Roland Bleiker, and David Campbell -- Postcolonialism / Shampa Biswas -- Normative IR Theory / Toni Erskine -- Green Theory / Robyn Eckersley -- International Relations Theory and Globalization / Colin Hay -- Global International Relations / Amitav Acharya -- Still a Discipline After All These Debates? / Ole Waever. |
| 506 ## - RESTRICTIONS ON ACCESS NOTE | |
| Terms governing access | Available on-campus and off-campus. |
| 650 #7 - SUBJECT ADDED ENTRY--TOPICAL TERM | |
| Topical term or geographic name entry element | International relations |
| Source of heading or term | NGU-sh |
| 9 (RLIN) | 2630 |
| 700 1# - ADDED ENTRY--PERSONAL NAME | |
| Personal name | Dunne, Timothy, |
| Dates associated with a name | 1965- |
| Relator term | editor. |
| 9 (RLIN) | 5609 |
| 700 1# - ADDED ENTRY--PERSONAL NAME | |
| Personal name | Kurki, Milja, |
| Relator term | editor. |
| 9 (RLIN) | 5610 |
| 700 1# - ADDED ENTRY--PERSONAL NAME | |
| Personal name | Smith, Steve, |
| Dates associated with a name | 1952-, |
| Relator term | editor. |
| 9 (RLIN) | 5611 |
| 856 40 - ELECTRONIC LOCATION AND ACCESS | |
| Host name | Online resource. |
| Uniform Resource Identifier | <a href="https://learninglink.oup.com/access/dunne5e-student-resources#all_resources">https://learninglink.oup.com/access/dunne5e-student-resources#all_resources</a> |
| Public note | Online resource. |
| 906 ## - LOCAL DATA ELEMENT F, LDF (RLIN) | |
| a | 7 |
| b | cbc |
| c | orignew |
| d | 2 |
| e | epcn |
| f | 20 |
| g | y-gencatlg |
| Withdrawn status | Lost status | Source of classification or shelving scheme | Damaged status | Not for loan | Collection code | Home library | Current library | Date acquired | Source of acquisition | Cost, normal purchase price | Arrivals Code | Full call number | Barcode | Date last seen | Price effective from | Koha item type | Total Renewals | Date last checked out |
|---|---|---|---|---|---|---|---|---|---|---|---|---|---|---|---|---|---|---|
| Dewey Decimal Classification | Not For Loan | Economics and Politics | Library B | Library B | 09/14/2023 | Baccah | 1563.00 | ECO202309 | 327.101 INT | 1004344 | 08/13/2025 | 09/14/2023 | Book Non-borrowing | |||||
| Dewey Decimal Classification | Economics and Politics | Library B | Library B | 09/14/2023 | Baccah | 1563.00 | ECO202309 | 327.101 INT | 1004345 | 02/04/2026 | 09/14/2023 | Book | 2 | 08/28/2025 | ||||
| Dewey Decimal Classification | Economics and Politics | Library B | Library B | 09/14/2023 | Baccah | 1563.00 | ECO202309 | 327.101 INT | 1004346 | 08/13/2025 | 09/14/2023 | Book | 11/06/2024 | |||||
| Dewey Decimal Classification | Economics and Politics | Library B | Library B | 09/14/2023 | Baccah | 1563.00 | ECO202309 | 327.101 INT | 1004347 | 08/13/2025 | 09/14/2023 | Book | 3 | 10/01/2023 |